[Event "HZ Chess Tournament 2019"]
[Site "Vlissingen"]
[Date "2019.08.05"]
[Round "4.40"]
[White "Galle, Andre"]
[Black "De Wilde, Steven"]
[Result "1/2-1/2"]
[WhiteElo "1983"]
[BlackElo "1771"]
[PlyCount "79"]
[EventCountry "NED"]

1. d4 d5 2. c4 e5 3. e3 exd4 4. exd4 Nf6 5. Nc3 Be7 6. h3 O-O 7. Nf3 Re8 8. Be3
c6 9. Bd3 dxc4 10. Bxc4 Bf5 11. O-O Bg6 12. Ne5 b5 13. Nxg6 hxg6 14. Bb3 b4 15.
Ne2 Nd5 16. Nf4 Nxf4 17. Bxf4 Bf6 18. Be3 Nd7 19. Qc2 Rc8 20. Qxg6 Re7 21. Rad1
Nf8 22. Qh5 Qc7 23. Rd2 Rce8 24. Rc1 Ne6 25. Rdd1 Nxd4 26. Bxd4 Bxd4 27. Bxf7+
Rxf7 28. Rxd4 Re5 29. Qh4 Rfe7 30. Qg3 a5 31. Kh2 Re2 32. Qxc7 Rxc7 33. Rd8+
Kh7 34. Ra8 Rxb2 35. Rxa5 Rf7 36. Rxc6 Rfxf2 37. Rh5+ Kg8 38. Rc8+ Kf7 39. Rg5
Rxa2 40. Rc7+ 1/2-1/2

[Event "HZ Chess Tournament 2019"]
[Site "Vlissingen"]
[Date "2019.08.05"]
[Round "4.42"]
[White "Oosting, Robert"]
[Black "Hofstee, Piet"]
[Result "1-0"]
[WhiteElo "1962"]
[BlackElo "1706"]
[PlyCount "79"]
[EventCountry "NED"]

1. e4 d6 2. d4 Nf6 3. Nc3 e5 4. h3 exd4 5. Qxd4 Nc6 6. Bb5 Bd7 7. Bxc6 Bxc6 8.
Bg5 Be7 9. O-O-O O-O 10. Be3 Re8 11. f3 Nd7 12. Nd5 Bxd5 13. Qxd5 Bf6 14. Ne2
Re5 15. Qd2 Nb6 16. b3 a5 17. a4 Nc8 18. Nf4 g6 19. Bd4 Re8 20. Nd5 Bxd4 21.
Qxd4 Re6 22. h4 h6 23. g4 c6 24. Ne3 Qb6 25. Qxb6 Nxb6 26. Rd3 Kf8 27. h5 Kg7
28. Rhd1 Rd8 29. c4 c5 30. Nd5 Nxd5 31. Rxd5 Rf6 32. R1d3 b6 33. e5 Re6 34.
exd6 Kf8 35. hxg6 fxg6 36. Kd2 Ke8 37. f4 Kd7 38. f5 gxf5 39. gxf5 Rf6 40. Ke3
1-0

[Event "HZ Chess Tournament 2019"]
[Site "Vlissingen"]
[Date "2019.08.05"]
[Round "4.43"]
[White "Van der Borgt, Peter"]
[Black "Brouwer, Willem"]
[Result "1-0"]
[WhiteElo "1938"]
[BlackElo "1705"]
[PlyCount "61"]
[EventCountry "NED"]

1. e4 e5 2. Nf3 Nc6 3. d4 exd4 4. Nxd4 Bc5 5. Nxc6 Qf6 6. Qd2 Qxc6 7. Nc3 a6 8.
Bd3 Ne7 9. O-O O-O 10. Qg5 Ng6 11. Nd5 Re8 12. Bd2 Bd4 13. c3 Bb6 14. a4 d6 15.
Bb5 axb5 16. axb5 Qc4 17. Nxb6 cxb6 18. Rxa8 Qxe4 19. Qe3 Qxe3 20. Bxe3 Bd7 21.
Rxe8+ Bxe8 22. Rd1 Bxb5 23. Rxd6 f6 24. Bxb6 Ne5 25. Bd4 Nf7 26. Re6 Nh6 27.
Re7 Bc6 28. Bc5 Nf5 29. Rc7 h5 30. b4 Nh4 31. f3 1-0

[Event "HZ Chess Tournament 2019"]
[Site "Vlissingen"]
[Date "2019.08.05"]
[Round "4.44"]
[White "Pang, Khai Jie Ryan"]
[Black "Boerkamp, Harry"]
[Result "1-0"]
[WhiteElo "1770"]
[BlackElo "1915"]
[PlyCount "79"]
[EventCountry "NED"]

1. e4 e5 2. Nf3 Nc6 3. Bb5 f5 4. d3 Nf6 5. Bg5 h6 6. Bxf6 Qxf6 7. a3 Bc5 8. Bc4
d6 9. Nc3 Ne7 10. Qb1 c6 11. b4 Bb6 12. Qa2 Bd4 13. Nxd4 exd4 14. Ne2 fxe4 15.
dxe4 a5 16. b5 Rf8 17. O-O g5 18. f4 Bg4 19. fxg5 Qxg5 20. Rxf8+ Kxf8 21. Rf1+
Kg7 22. Qb3 Rf8 23. Rxf8 Kxf8 24. Nxd4 d5 25. exd5 cxd5 26. Bf1 Qf4 27. Qd3 Kg7
28. Nb3 Nf5 29. Nc5 Ne3 30. g3 Qe5 31. Nxb7 Bf5 32. Qe2 Qe6 33. Qf2 Qe5 34.
Nxa5 Nxc2 35. Nc6 Qe4 36. Bg2 Qd3 37. Bf1 Qe4 38. b6 Bc8 39. Bg2 Qc4 40. Ne5
1-0

[Event "HZ Chess Tournament 2019"]
[Site "Vlissingen"]
[Date "2019.08.05"]
[Round "4.45"]
[White "Schakel, Lemmy"]
[Black "Silkaitis, Laimis"]
[Result "1-0"]
[WhiteElo "1911"]
[BlackElo "1678"]
[PlyCount "107"]
[EventCountry "NED"]

1. e4 g6 2. d4 Bg7 3. Nc3 a6 4. Be3 b5 5. a3 Bb7 6. Nf3 d6 7. Qd2 Nd7 8. b4 e6
9. Bd3 Nb6 10. Qc1 d5 11. e5 Nc4 12. Bg5 Qd7 13. O-O h6 14. Bf4 Ne7 15. h4 Nc6
16. Rb1 Ne7 17. Nd1 Nc8 18. Ne3 Nxe3 19. Bxe3 Nb6 20. Nh2 Qe7 21. g3 h5 22. Bg5
Qf8 23. Nf3 Bc6 24. Qf4 Bh6 25. Bxh6 Qxh6 26. Ng5 Qg7 27. Rfe1 Nc4 28. Ra1 Rd8
29. Qf6 Qxf6 30. exf6 Bd7 31. Re2 O-O 32. Rae1 Nd6 33. Kg2 Ne8 34. Bxg6 Nxf6
35. Bd3 Bc6 36. f3 Rd6 37. Nh3 Kg7 38. Re5 Rh8 39. Nf4 Kf8 40. Bg6 Be8 41. Bxh5
Rc6 42. R1e2 Nxh5 43. Nxh5 Rc3 44. Nf6 Rxa3 45. Nxd5 Bc6 46. R5e3 Rxe3 47. Nxe3
Kg7 48. Ng4 a5 49. bxa5 Ra8 50. Re5 Rxa5 51. Rc5 Bd5 52. Rxc7 Kf8 53. Ne5 f5
54. h5 1-0

[Event "HZ Chess Tournament 2019"]
[Site "Vlissingen"]
[Date "2019.08.05"]
[Round "4.46"]
[White "Welten, Hans"]
[Black "Schlaebitz, Joel"]
[Result "1/2-1/2"]
[WhiteElo "1887"]
[BlackElo "1670"]
[PlyCount "56"]
[EventCountry "NED"]

1. d4 Nf6 2. c4 g6 3. Nc3 Bg7 4. e4 d6 5. f3 O-O 6. Be3 e5 7. Nge2 Nc6 8. d5
Ne7 9. Qd2 Nd7 10. Bh6 f5 11. Bxg7 Kxg7 12. h4 f4 13. Ng1 a5 14. Bd3 Nc5 15.
Bc2 Ng8 16. Qf2 Nf6 17. Nge2 Nh5 18. O-O-O Qf6 19. Kb1 b6 20. Rdg1 Ba6 21. b3
Rab8 22. a4 Rf7 23. Rf1 Rbf8 24. Rh2 h6 25. Rh3 Bc8 26. Rh2 Ba6 27. Rh3 Bc8 28.
Rh2 Ba6 1/2-1/2

[Event "HZ Chess Tournament 2019"]
[Site "Vlissingen"]
[Date "2019.08.05"]
[Round "4.47"]
[White "Van de Poel, Taco"]
[Black "Kohlrausch, Armin"]
[Result "1-0"]
[WhiteElo "1880"]
[BlackElo "1645"]
[PlyCount "79"]
[EventCountry "NED"]

1. e4 c5 2. Nf3 g6 3. d4 cxd4 4. Qxd4 Nf6 5. Nc3 Nc6 6. Qa4 Bg7 7. e5 Ng8 8.
Bf4 Nh6 9. h3 O-O 10. O-O-O a6 11. g4 b5 12. Bxb5 Bb7 13. Be2 Rc8 14. Rhe1 Nb8
15. Qb3 Qc7 16. Nd5 Bxd5 17. Rxd5 e6 18. Rd2 f5 19. exf6 Qxf4 20. fxg7 Kxg7 21.
Kb1 Kg8 22. Qe3 Qxe3 23. fxe3 Nf7 24. e4 a5 25. Red1 d6 26. c3 Nd7 27. e5 d5
28. c4 d4 29. Rxd4 Nfxe5 30. Nxe5 Nxe5 31. Re4 Rc5 32. b3 Rb8 33. Kc2 Rb6 34.
Kc3 Nf7 35. h4 e5 36. g5 Nd6 37. Re3 Nb5+ 38. Kd3 Rd6+ 39. Ke4 Rf6 40. gxf6 1-0

[Event "HZ Chess Tournament 2019"]
[Site "Vlissingen"]
[Date "2019.08.05"]
[Round "4.48"]
[White "Koster, Paul"]
[Black "De Kleuver, Jonathan"]
[Result "1-0"]
[WhiteElo "1764"]
[BlackElo "1874"]
[PlyCount "116"]
[EventCountry "NED"]

1. c4 Nf6 2. Nc3 d6 3. d4 g6 4. g3 Nbd7 5. Bg2 Bg7 6. Qc2 c5 7. e3 O-O 8. Nge2
Nb6 9. b3 cxd4 10. Nxd4 e5 11. Nde2 d5 12. cxd5 Nbxd5 13. O-O Qc7 14. Ba3 Rd8
15. e4 Ne7 16. Rac1 Nc6 17. Nd5 Qa5 18. Ne7+ Nxe7 19. Bxe7 Re8 20. Bc5 Be6 21.
Be3 Red8 22. h3 Bf8 23. Bg5 Kg7 24. Qc7 Qxc7 25. Rxc7 Bd6 26. Rxb7 Bc8 27. Rb5
Ba6 28. Nc3 Bxb5 29. Nxb5 Bc5 30. Nc7 Rac8 31. Nd5 Nxd5 32. Bxd8 Ne3 33. Rc1
Rxd8 34. Rxc5 Nd1 35. Rxe5 Nc3 36. Ra5 Rd1+ 37. Kh2 Rd2 38. Rxa7 Rxf2 39. a4
Nxe4 40. Kg1 Re2 41. Bxe4 Rxe4 42. Rb7 Re1+ 43. Kf2 Ra1 44. Rb5 Ra2+ 45. Kf3
Ra3 46. Kf4 f6 47. h4 Kh6 48. a5 Ra1 49. b4 Rf1+ 50. Ke3 Re1+ 51. Kf2 Ra1 52.
Rb6 f5 53. a6 Kh5 54. b5 Kg4 55. Re6 Ra2+ 56. Re2 Ra5 57. Rb2 Ra3 58. b6 Rf3+
1-0

[Event "HZ Chess Tournament 2019"]
[Site "Vlissingen"]
[Date "2019.08.05"]
[Round "4.50"]
[White "Wagner, Margarethe"]
[Black "Leentjens, Gilbert"]
[Result "1/2-1/2"]
[WhiteElo "1660"]
[BlackElo "1869"]
[PlyCount "96"]
[EventCountry "NED"]

1. e4 e5 2. Nf3 Nc6 3. Bb5 a6 4. Ba4 Nf6 5. O-O b5 6. Bb3 Bb7 7. d3 Be7 8. a4
b4 9. c3 a5 10. Re1 O-O 11. h3 d6 12. Nbd2 Re8 13. Nf1 g6 14. Bh6 Nh5 15. Bd5
Qc8 16. Qb3 Nd8 17. cxb4 c6 18. Bc4 axb4 19. Ng5 Bxg5 20. Bxg5 Ne6 21. Bxe6
Qxe6 22. Qxb4 Reb8 23. Qc3 Ba6 24. b4 f5 25. Bd2 f4 26. Nh2 g5 27. Ng4 Ng7 28.
d4 h5 29. Nh2 g4 30. hxg4 hxg4 31. Qxc6 Bb7 32. Qc3 Rc8 33. Qd3 Nh5 34. d5 Qd7
35. b5 Kf7 36. a5 Rh8 37. a6 Bc8 38. b6 g3 39. fxg3 Nxg3 40. Rec1 Rxh2 41. Kxh2
Qg4 42. Rc7+ Kg6 43. Kg1 Bxa6 44. Qf3 Qh4 45. Ra7 Rxa7 46. bxa7 Qh1+ 47. Kf2
Qxa1 48. Qg4+ Kf7 1/2-1/2

[Event "HZ Chess Tournament 2019"]
[Site "Vlissingen"]
[Date "2019.08.05"]
[Round "4.51"]
[White "Altenbernd, Dirk"]
[Black "Van de Krol, Sernin"]
[Result "1/2-1/2"]
[WhiteElo "1859"]
[BlackElo "1603"]
[PlyCount "59"]
[EventCountry "NED"]

1. c4 c5 2. g3 g6 3. Bg2 Bg7 4. Nc3 Nc6 5. e4 Nf6 6. Nge2 O-O 7. d3 a6 8. Be3
d6 9. Rb1 Rb8 10. a3 b5 11. cxb5 axb5 12. b4 cxb4 13. axb4 Bd7 14. h3 Qc8 15.
Qd2 Ne8 16. d4 f5 17. f3 Nf6 18. g4 fxe4 19. fxe4 e6 20. O-O e5 21. d5 Ne7 22.
Rbc1 Qb7 23. Ng3 Nc8 24. g5 Nh5 25. Rxf8+ Kxf8 26. Rf1+ Kg8 27. Nxh5 gxh5 28.
Qf2 Be8 29. Ra1 Qc7 30. Bd2 1/2-1/2

[Event "HZ Chess Tournament 2019"]
[Site "Vlissingen"]
[Date "2019.08.05"]
[Round "4.52"]
[White "Lukas, Anne"]
[Black "Braun, Eric"]
[Result "0-1"]
[WhiteElo "1842"]
[BlackElo "1602"]
[PlyCount "106"]
[EventCountry "NED"]

1. d4 d5 2. Nd2 f5 3. g3 Nf6 4. Bg2 e6 5. Ngf3 Be7 6. O-O O-O 7. c4 c6 8. Ne5
Nbd7 9. Ndf3 Nxe5 10. Nxe5 Bd7 11. Bg5 Ne4 12. Bxe7 Qxe7 13. Bxe4 fxe4 14. c5
Be8 15. f4 exf3 16. exf3 Bh5 17. Qd3 Rf6 18. Rae1 Bg6 19. Qe3 Re8 20. Rf2 Qc7
21. Rfe2 Kh8 22. Qg5 Kg8 23. h4 Re7 24. Kg2 Qd8 25. Qd2 Qf8 26. Qc3 Qe8 27. g4
Qf8 28. Kg3 Qc8 29. g5 Rf5 30. Kg4 Qe8 31. Nxg6 Qxg6 32. f4 h5+ 33. Kg3 Rf8 34.
Re5 Rf5 35. Qa5 Rxe5 36. Rxe5 Qd3+ 37. Kg2 Rf7 38. Rxe6 Rxf4 39. Re8+ Kh7 40.
Qe1 Rg4+ 41. Kh2 Re4 42. Rxe4 dxe4 43. Qg3 Qd2+ 44. Kh3 Qd3 45. Kg2 Qe2+ 46.
Qf2 Qg4+ 47. Kh2 Kg6 48. b4 e3 49. Qe1 Qxd4 50. Qb1+ Kf7 51. Qf5+ Ke7 52. g6
Qxh4+ 53. Kg2 Qg4+ 0-1